000 01052nam a2200361Ia 4500
001 60223
003 CO-BoRNBP
005 20251216201709.0
007 ta
008 130821s2003 ck gr spa
020 _a958 04 7143 6
020 _a7706894202058
040 _aCo-BoUCM
_bspa
_c0
041 0 0 _aspa
082 0 4 _a813.5
_220
084 _aN LON1
100 1 _aLondon, Jack
_d1876-1916
245 1 0 _aColmillo blanco
_cJack London ; traducción Pedro José Lama
250 _a2a ed.
300 _a229 páginas
336 _2rdacontent
_atexto
_btxt
337 _2rdamedia
_asin mediación
_bn
338 _2rdacarrier
_avolumen
_bnc
490 0 _aColección Cara y Cruz
500 _aIncluye índice.
501 _aJack London vida y obra.
650 _aLiteratura estadounidense
_2LEMB
_9762
650 _aNovela estadounidense
_2LEMB
_9761
700 1 _aHernández Arbeláez, Iván
_eed.
_942870
700 1 _aLama, Pedro José
_etrad.
_968077
765 1 _tWhite Fang
942 _cLIBRO
_a18
_2DEWEY
_h813.5
999 _c60223
_d60223